سلتانیت (Record no. 106079)

MARC details
000 -LEADER
fixed length control field 00814nam a22002537a 4500
005 - DATE AND TIME OF LATEST TRANSACTION
control field 20170123162302.0
010 ## - LIBRARY OF CONGRESS CONTROL NUMBER
LC control number B-097888
020 ## - INTERNATIONAL STANDARD BOOK NUMBER
Terms of availability 18.00
035 ## - SYSTEM CONTROL NUMBER
System control number B-097888
037 ## - SOURCE OF ACQUISITION
Source of stock number/acquisition Cen Lib/Ret
040 ## - CATALOGING SOURCE
Original cataloging agency DPL
Language of cataloging UR
082 ## - DEWEY DECIMAL CLASSIFICATION NUMBER
Classification number 954.08
Item number م ن ز
100 ## - MAIN ENTRY--PERSONAL NAME
Personal name سیّد منظور احمد
9 (RLIN) 140040
245 ## - TITLE STATEMENT
Title سلتانیت
Statement of responsibility, etc سیّد منظور احمد
246 ## - VARYING FORM OF TITLE
Title proper/short title Sultaniyat
Remainder of title by Sayyad Manzoor Ahmad
260 ## - PUBLICATION, DISTRIBUTION, ETC. (IMPRINT)
Place of publication, distribution, etc نئی دہلی
Name of publisher, distributor, etc ایجوکیشنل پبلشنگ ہاؤس
Date of publication, distribution, etc 1989
270 ## - ADDRESS
Address سیّد وکیل سٹیرٹ
City نئی دہلی
300 ## - PHYSICAL DESCRIPTION
Extent 160p.
Dimensions 20cm(Hb)
650 ## - SUBJECT ADDED ENTRY--TOPICAL TERM
Topical term or geographic name as entry element اردو ادب
9 (RLIN) 140041
650 ## - SUBJECT ADDED ENTRY--TOPICAL TERM
Topical term or geographic name as entry element اردو کہانی
9 (RLIN) 140042
650 ## - SUBJECT ADDED ENTRY--TOPICAL TERM
Topical term or geographic name as entry element Urdu Literature
9 (RLIN) 140043
650 ## - SUBJECT ADDED ENTRY--TOPICAL TERM
Topical term or geographic name as entry element Urdu stories
9 (RLIN) 140044
942 ## - ADDED ENTRY ELEMENTS (KOHA)
Source of classification or shelving scheme Dewey Decimal Classification
Koha item type Urdu Bks
Classification part 954.08
Call number suffix م ن ز
Holdings
Withdrawn status Lost status Damaged status Not for loan Collection code Home library Current library Date acquired Source of acquisition Cost, normal purchase price Total Checkouts Full call number Barcode Date last seen Copy number Cost, replacement price Price effective from Koha item type
      Not For Loan Reference Central Library Central Library 20/06/2015 Cen Lib/Ret 125.00   954.08 م ن ز B-097888 20/06/2015 1 125.00 20/06/2015 Urdu Bks

© Delhi Public Library
Hit Counter
free hit counter